Guess the rock artist - Statistics

General Stats
  • This quiz has been taken 65 times
  • The average score is 103 of 230
Answer Stats
Hint Answer % Correct
Wonderwall Oasis
95%
Radio Ga Ga Queen
91%
Take On Me a-ha
87%
Creep Radiohead
87%
You Give Love a Bad Name Bon Jovi
85%
Sultans of Swing Dire Straits
85%
Goodbye Yellow Brick Road Elton John
85%
The Final Countdown Europe
85%
Paranoid Black Sabbath
84%
Walk This Way Aerosmith
82%
Crazy Train Ozzy Osbourne
82%
Losing My Religion R.E.M.
82%
Eye of the Tiger Survivor
82%
Should I Stay or Should I Go The Clash
82%
Uptown Girl Billy Joel
80%
Born in the U.S.A Bruce Springsteen
80%
Summer of '69 Bryan Adams
80%
Boulevard of Broken Dreams Green Day
80%
House of the Rising Sun The Animals
80%
Zombie The Cranberries
80%
Get Back The Beatles
78%
The Chain Fleetwood Mac
76%
Paradise City Guns N' Roses
75%
Even Flow Pearl Jam
75%
Rebel Yell Billy Idol
73%
More Than a Feeling Boston
73%
Johnny B. Goode Chuck Berry
73%
Black Dog Led Zeppelin
73%
For Whom the Bell Tolls Metallica
73%
All Along the Watchtower Jimi Hendrix
71%
Numb LINKIN PARK
71%
Black Hole Sun Soundgarden
71%
Where the Streets Have No Name U2
71%
(Don't Fear) The Reaper Blue Oyster Cult
69%
Barracuda Heart
69%
Ace of Spades Motorhead
69%
Bitter Sweet Symphony The Verve
69%
Shoot to Thrill AC/DC
67%
Cocaine Eric Clapton
67%
Carry On Wayward Son Kansas
67%
Sledgehammer Peter Gabriel
67%
Everybody Wants to Rule the World Tears for Fears
67%
Honky Tonk Women The Rolling Stones
67%
Won't Get Fooled Again The Who
67%
In Bloom Nirvana
65%
Du hast Rammstein
65%
Brown Eyed Girl Van Morrison
65%
Sharp Dressed Man ZZ Top
65%
Song 2 Blur
64%
Blowin' In the Wind Bob Dylan
64%
Scar Tissue Red Hot Chili Peppers
64%
Love Shack The B-52's
64%
Walk Like an Egyptian The Bangles
64%
Break On Through (To the Other Side) The Doors
64%
Blitzkrieg Bop The Ramones
64%
Hold the Line Toto
64%
Heart of Glass Blondie
62%
Feel Good Inc. Gorillaz
62%
The Trooper Iron Maiden
62%
Every Rose Has Its Thorn Poison
62%
Tainted Love Soft Cell
62%
Wouldn't It Be Nice The Beach Boys
62%
You Really Got Me The Kinks
62%
The Boys Are Back In Town Thin Lizzy
62%
No Sleep Till Brooklyn Beastie Boys
60%
Dr. Feelgood Motley Crue
60%
Oh, Pretty Woman Roy Orbison
60%
Rock You Like a Hurricane Scorpions
60%
We're Not Gonna Take It Twisted Sister
60%
Band On the Run Wings
58%
Proud Mary Creedence Clearwater Revival
56%
Let's Dance David Bowie
56%
Love Bites Def Leppard
56%
Come On Eileen Dexy's Midnight Runners
56%
Me and Bobby McGee Janis Joplin
56%
We Built This City Starship
56%
Edge of Seventeen Stevie Nicks
56%
Owner of a Lonely Heart Yes
56%
Highway Star Deep Purple
55%
My Hero Foo Fighters
55%
Got My Mind Set on You George Harrison
55%
Tutti Frutii Little Richard
55%
Down Under Men At Work
55%
Jessie's Girl Rick Springfield
55%
Freak On a Leash Korn
53%
Walk on the Wild Side Lou Reed
53%
Maybe I'm Amazed Paul McCartney
53%
Cum On Feel the Noize Quiet Riot
53%
My Sharona The Knack
53%
What's Up? 4 Non Blondes
51%
The Boys of Summer Don Henley
51%
The Power of Love Huey Lewis & The News
51%
Need You Tonight INXS
51%
Faithfully Journey
51%
How You Remind Me Nickelback
51%
Tom Sawyer Rush
51%
Black Magic Woman Santana
51%
Pretty Fly (For a White Guy) The Offspring
51%
Loser Beck
49%
That'll Be the Day Buddy Holly
49%
Layla Derek & The Dominos
49%
Rock Me Amadeus Falco
49%
Bang a Gong (Get It On) T. Rex
49%
Holy Diver Dio
47%
Juke Box Hero Foreigner
47%
Black Betty Ram Jam
47%
Chop Suey! System Of A Down
47%
Feed My Frankenstein Alice Cooper
45%
Night Fever Bee Gees
45%
Don't Bring Me Down Electric Light Orchestra
45%
Hit Me With Your Best Shot Pat Benatar
45%
Young Lust Pink Floyd
45%
Lets's Go Crazy Prince
45%
Bulls On Parade Rage Against the Machine
45%
The Ballroom Blitz Sweet
45%
Here I Go Again '87 Whitesnake
45%
Are You Gonna Be My Girl Jet
44%
Heaven's On Fire Kiss
44%
Rollin' (Air Raid Vehicle) Limp Bizkit
44%
Our House Madness
44%
Cherry Pie Warrant
44%
Would? Alice In Chains
42%
I Can't Dance Genesis
42%
Cat Scratch Fever Ted Nugent
42%
Seven Bridges Road The Eagles
42%
Centerfold The J. Geils Band
42%
Ain't Talkin' 'Bout Love Van Halen
42%
Jack & Diane John Cougar
40%
50 Ways to Leave Your Lover Paul Simon
40%
Addicted to Love Robert Palmer
40%
Just What I Needed The Cars
40%
18 And Life Skid Row
38%
Ramblin' Man The Allman Brothers Band
38%
Long Cool Woman (In a Black Dress) The Hollies
38%
Kryptonite 3 Doors Down
36%
Crossroads Cream
36%
Personal Jesus Depeche Mode
36%
Painkiller Judas Priest
36%
Holy Wars... The Punishment Due Megadeath
36%
In The Summertime Mungo Jerry
36%
Take It On the Run REO Speedwagon
36%
Come Sail Away Styx
36%
American Woman The Guess Who
36%
Mary Jane's Last Dance Tom Petty
36%
Down with the Sickness Disturbed
35%
Two Tickets to Paradise Eddie Money
35%
Slow Ride Foghat
35%
With a Little Help from My Friends Joe Cocker
35%
Cemetary Gates Pantera
35%
Since You Been Gone Rainbow
35%
Raining Blood Slayer
35%
Psychosocial Slipknot
35%
Rock'n Me Steve Miller Band
35%
Give a Little Bit Supertramp
35%
Feel Like Makin' Love Bad Company
33%
No Rain Blind Melon
33%
The Rock Show blink-182
33%
All Right Now Free
33%
Call Me the Breeze Lynyrd Skynyrd
33%
Mississippi Queen Mountain
33%
Two Princes Spin Doctors
33%
Wild Thing The Troggs
33%
Play That Funky Music Wild Cherry
33%
Hooked On a Feeling Blue Swede
31%
Surrender Cheap Trick
31%
Bad, Bad Leroy Brown Jim Croce
31%
Blinded By the Light Manfred Mann's Earth Band
31%
Magic Carpet Ride Steppenwolf
31%
Werewolves of London Warren Zevon
31%
Hard to Say I'm Sorry Chicago
29%
You Spin Me Round (Like a Record) Dead or Alive
29%
Working for the Weekend Loverboy
29%
Dragula Rob Zombie
29%
Listen to the Music The Doobie Brothers
29%
Macho Man Village People
29%
Hail to the King Avenged Sevenfold
27%
Cult of Personality Living Colour
27%
Spirit In the Sky Norman Greenbaum
27%
Your Love The Outfield
27%
Night Moves Bob Seger & The Silver Bullet Band
25%
Out of Touch Hall & Oates
25%
Hair of the Dog Nazareth
25%
Last Resort Papa Roach
25%
She Talks to Angels The Black Crowes
25%
Firestarter The Prodigy
25%
Life's Been Good Joe Walsh
24%
Deacon Blues Steely Dan
24%
Plush Stone Temple Pilots
24%
Brick House The Commodores
24%
Green Onions Booker T. & The M.G.'s
22%
Runaway Del Shannon
22%
What I Like About You The Romantics
22%
Animal I Have Become Three Days Grace
22%
Hold On, I'm Comin' Sam & Dave
20%
Pride and Joy Stevie Ray Vaughan
20%
Schism TOOL
20%
Lonely Is The Night Billy Squier
18%
Breakfast At Tiffany's Deep Blue Something
18%
Shining Star Earth, Wind & Fire
18%
One Bourbon, One Scotch, One Beer George Thorogood
18%
Hysteria Muse
18%
Just Like Paradise David Lee Roth
16%
Bodies Drowning Pool
16%
Lonesome Loser Little River Band
16%
Comedown Bush
15%
Bobby Brown Goes Down Frank Zappa
15%
Twilight Zone Golden Earring
15%
Jerry Was a Race Car Driver Primus
15%
Soul Man The Blues Brothers
15%
Frankenstein The Edgar Winter Group
15%
The Diary of Jane Breaking Benjamin
13%
Shine Collective Soul
13%
Everything About You Ugly Kid Joe
13%
New York Groove Ace Frehley
11%
Hammer Smashed Face Cannibal Corpse
11%
Summertime Rolls Jane's Addiction
11%
Black Coffee In Bed Squeeze
11%
No Matter What Badfinger
9%
Out In the Fields Gary Moore
7%
Wash It All Away Five Finger Death Punch
5%
All I Need Is a Miracle Mike + The Mechanics
5%
C'est La Vie Robbie Nevil
5%
I fought the Law The Bobby Fuller Four
5%
Song About James AVOID
4%
In the End Black Veil Brides
4%
Panic Attack Dream Theater
4%
Dogman Kings X
4%
Alive P.O.D.
4%
Ghost Walking Lamb of God
2%
Get the Funk out Ma Face The Brothers Johnson
2%
No matching quizzes found
Score Distribution
Percent of People with Each Score
Percentile by Number Answered
Your Score History
You have not taken this quiz